Responses for Show #4037 - Tuesday, March 5, 2002

Jason McCune game 1.

(Sofia: Today on Jeopardy!: costumes from the big and small screen. Test yourself--next.)

Contestants

[<< previous game]

Jason McCune, an actor originally from Jasper, Indiana

Doug Rodgers, a high school teacher from Silver Spring, Maryland

Susan McCormick, a project manager from Wynnewood, Pennsylvania (whose 1-day cash winnings total $22,600)

[next game >>]

Jeopardy! Round responses

ARTHURIAN LEGEND
COSTUME PARTY
"GREAT" HISTORY
(Alex: We want you to name the automaker as we go...)
SUV SHOPPING
FILMED LITERATURE
IN THE DICTIONARY
    $200 3
Guinevere

Susan
    $200 21
(Alex: They didn't wear much of it, though, did they?)
[Laughter]

the Amazon race

Jason
    $200 16
the Great Wall of China

Susan
    $200 26
Ford

Jason
    $200 1
Sense and Sensibility

Susan
    $200 11
armadillo

Jason
    $400 6
(Jason: What is his coat?)

the Round Table

Jason
Triple Stumper
    $400 22
Josie and the Pussycats

Susan
    $400 17
"the great communicator"

Doug
    $400 27
(Jason: What is Jeep?)
(Susan: What is Nissan?)

Chevrolet

SusanDougJason
    $400 2
Little Women

Doug
    $400 12
a kidney

Susan
    $600 7
Morgan Le Fay

Doug
    $600 23
(Jason: What is Zorro?)
(Susan: What is The Mark of Zorro?)
...
(Alex: Less than a minute now, Susan.)

The Mask of Zorro

SusanJason
Triple Stumper
    $600 18
the Great Fire of London

Doug
    $600 28
Lincoln

Susan
    $600 4
(Jason: What is Mar--[*]?)

Tom Sawyer

Jason
    $600 13
a bullseye (or bull's-eye)

Jason
    $800 8
Sir Gawain

Doug
    $800 24
Alyson Hannigan

Triple Stumper
    $800 19
(Alex: His tomb is the Big Pyramid--called [*].)

the Great Pyramid

Triple Stumper
    $800 29
[The end-of-round signal sounds.]

Isuzu

Susan
    $800 5
(Alex: That was an old film.)

The Last of the Mohicans

Doug
    $800 14
(Alex: "Don't go beyond [*].")

the pale

Triple Stumper
    $1000 9
Avalon

Doug
    $1000 25
Charlie's Angels

Susan
    $1,000 20
the Great Barrier Reef

Doug
    $1000 10
Day of the Locust

Susan
    $1000 15
nom de guerre

Doug

Scores at the first commercial break (after clue 15):

Susan Doug Jason
$1,800 $4,600 $1,000

Scores at the end of the Jeopardy! Round:

Susan Doug Jason
$3,800 $7,000 $400

Double Jeopardy! Round responses

ARTHUR-IAN LEGENDS
BALLET
COLORS
TV STARS ON BROADWAY
MARCH: IN LIKE A LION
OUT LIKE A "LAMB"
    $400 21
the United Nations

Jason
    $400 26
(Alex: Cecil B. DeMille was the director, and [*] was the choreographer.)

Agnes DeMille

Triple Stumper
    $400 6
(Jason: What is white?)

blue

SusanJason
    $400 1
John Ritter

Susan
    $400 11
the Alamo

Susan
    $400 16
Lamb Chop

Doug
    $800 22
(Alex: Why did I figure Jason would be first?)

Guinness

Jason
    $800 27
(Rudolf) Nureyev

Doug
    $800 7
purple

Doug
    $800 2
"The Music Man"

Jason
    $800 12
Iran

Doug
    $800 17
(Alex: The man who doesn't like--not interested in the Super Bowl knows about these things. Good for you.)

Lambeau Field

Doug
    $1200 23
Arthur Ashe

Jason
    $1200 28
(Doug: What is the Fawn?)

the Swan

DougJason
    $1200 8
coral

Jason
    $2,000 3
(Jason: [Imitating Sean Connery] "The game's afoot." [Normal voice] I'll take, uh, I'll say $2,000.)
(Alex: You said that just like Sean Connery.)
[Laughter]
(Alex: [Imitating Connery] "The game's afoot.")

Tom Selleck

Jason
    $1200 13
(Jason: What is the Monitor?)

the Merrimack

DougJason
    $1200 18
"Lamb of God"

Jason
    $2,000 24
(Jason: What are the Azles?)
(Alex: No; the palace of King Minos was on [*]; the island was [*].)

Crete

Jason
    $1600 29
[The end-of-round signal sounds.]

Maria Tallchief

Susan
    $1600 9
teal

Triple Stumper
    $1600 4
"Annie Get Your Gun"

Jason
    $1600 14
Cologne

Doug
    $1600 19
Lambrusco

Jason
    $2000 25
(Alex: We have less than a minute to go now, Jason.)

Arthur Schlesinger

Triple Stumper
    $2000 10
(Alex: [*], yes; the chemical element for it.)

silver

Jason
    $2000 5
Linda Lavin

Susan
    $2000 15
(Alex: Part of [*]--the Barbary pirates.)

the Barbary wars

Triple Stumper
    $2000 20
Christopher Lambert

Jason

Scores at the end of the Double Jeopardy! Round:

Susan Doug Jason
$8,600 $12,200 $12,800

[wagering suggestions for these scores]

Final Jeopardy! Round responses

CABINET POSITIONS
(Alex: No, it is [*]. We got a Department of Justice only in 1870.)
SusanWhat is Education?
$4,201
DougWhat is the Secretary of War
$12,200
JasonWhat is the Sec. of the Treasury
$559
the Attorney General

Final scores:

Susan Doug Jason
$4,399 $0 $12,241
2nd place: A trip to the Cayman Islands 3rd place: A trip to San Diego New champion: $12,241

Game dynamics:

Coryat scores:

Susan Doug Jason
$8,600 $12,200 $14,000
14 R,
2 W
17 R
(including 1 DD),
1 W
17 R
(including 1 DD),
6 W
(including 1 DD)

Combined Coryat: $34,800

[game clues] [game scores] [suggest correction]

Game tape date: 2001-12-04
The J! Archive is created by fans, for fans. Scraping, republication, monetization, and malicious use prohibited; this site may use cookies and collect identifying information. See terms. The Jeopardy! game show and all elements thereof, including but not limited to copyright and trademark thereto, are the property of Jeopardy Productions, Inc. and are protected under law. This website is not affiliated with, sponsored by, or operated by Jeopardy Productions, Inc. Join the discussion at JBoard.tv.